| Поле | Название | Значение |
| |
Тип записи |
a |
| |
Библиографический уровень |
m |
| 001 |
Контрольный номер |
RU/CBS_UL/BASE/c7f9dfa3c2b74ad089e21963c120e774 |
| 005 |
Дата корректировки |
20231102142751.6 |
| 010 |
Индекс ISBN |
__ |
| a |
ISBN |
978-5-271-48584-8 |
| b |
Уточнения |
в пер. |
| d |
Цена |
336 р. 80 к. |
| 9 |
Тираж |
3 000 экз. |
| 100 |
Данные общей обработки |
__ |
| a |
Данные общей обработки |
20221213d 0rusy0189## ca |
| 101 |
Язык документа |
0_ |
| a |
Язык текста |
rus |
| 102 |
Страна публикации |
__ |
| a |
Страна публикации |
RU |
| 200 |
Заглавие и сведения об ответственности |
1_ |
| a |
Заглавие |
Хороший мальчик |
| e |
Сведения, относящиеся к заглавию |
роман |
| f |
Первые сведения об ответственности |
Э. Кеннеди, С. Боуэн |
| g |
Последующие сведения об ответственности |
пер. с англ. А. Григорьевой |
| 210 |
Выходные данные |
1_ |
| a |
Место издания |
Москва |
| c |
Издательство |
АСТ |
| d |
Дата издания |
2021 |
| 215 |
Физическое описание |
__ |
| a |
Объем |
317, [1] |
| d |
Формат |
20,5 см. |
| 225 |
Серия |
2_ |
| a |
Серия |
Запретное желание |
| 300 |
Общие примечания |
__ |
| a |
Общие примечания |
18+ |
| 606 |
Тематические рубрики |
0_ |
| a |
Основная рубрика |
Зарубежная литература, 21 в. - Проза |
| 610 |
Ключевые слова |
0_ |
| a |
Ключевые слова |
романы любовные |
| 610 |
Ключевые слова |
0_ |
| a |
Ключевые слова |
интриги любовные |
| 610 |
Ключевые слова |
0_ |
| a |
Ключевые слова |
испытания любовные |
| 610 |
Ключевые слова |
0_ |
| a |
Ключевые слова |
истории романтические |
| 610 |
Ключевые слова |
0_ |
| a |
Ключевые слова |
чувственность |
| 686 |
Индексы других классификаций |
__ |
| a |
Классификационный индекс |
84(0)9 |
| 700 |
Автор |
_1 |
| a |
Фамилия |
Кеннеди |
| b |
Имя (инициалы) |
Э. |
| g |
Полное личное имя |
Эль |
| 701 |
Альтернативная интеллектуальная ответственность |
_1 |
| a |
Фамилия |
Боуэн |
| b |
Имя (инициалы) |
С. |
| g |
Полное личное имя |
Сарина |
| 801 |
Источник записи |
_0 |
| a |
Страна |
RU |
| b |
Организация |
МБУК ЦБС г. Ульяновска |
| c |
Дата составления |
20221213 |
| g |
Правила каталогизации |
RCR |
| 801 |
Источник записи |
_1 |
| a |
Страна |
RU |
| b |
Организация |
МБУК ЦБС г. Ульяновска |
| c |
Дата составления |
20221213 |
| g |
Правила каталогизации |
RCR |
| 852 |
Данные о местонахождении |
__ |
| i |
Авторский знак |
К 35 |
| j |
Шифр хранения |
Сб |
| 900 |
Электронные ресурсы |
__ |
| a |
Имя электронного ресурса |
хороший м |
| 901 |
Тип документа |
__ |
| t |
Тип документа |
m |